A practical treatise on the law of window lights (Record no. 113868)
[ view plain ]
| 000 -LEADER | |
|---|---|
| fixed length control field | 00896cam a22001935a 4500 |
| 001 - CONTROL NUMBER | |
| control field | L155844 |
| 008 - FIXED-LENGTH DATA ELEMENTS--GENERAL INFORMATION | |
| fixed length control field | 120418s1833 xxk f 000 0 eng d |
| 035 ## - SYSTEM CONTROL NUMBER | |
| System control number | (Sirsi) u155844 |
| 041 0# - LANGUAGE CODE | |
| Language code of text/sound track or separate title | eng |
| 100 1# - MAIN ENTRY--PERSONAL NAME | |
| Personal name | Woolrych, Humphry W. |
| Fuller form of name | (Humphry William) |
| Dates associated with a name | 1795-1871 |
| 245 02 - TITLE STATEMENT | |
| Title | A practical treatise on the law of window lights |
| 260 ## - PUBLICATION, DISTRIBUTION, ETC. | |
| Place of publication, distribution, etc. | London |
| Name of publisher, distributor, etc. | Saunders and Benning |
| Date of publication, distribution, etc. | 1833 |
| 300 ## - PHYSICAL DESCRIPTION | |
| Extent | 86 p. |
| Dimensions | 19 cm. |
| 520 ## - SUMMARY, ETC. | |
| Summary, etc. | "Containing I. What are ancient lights, II. What privileges new lights have, III. Of the obstructions to lights, together with the remedies for obstructing them, IV. What will operate as an extinguishment of the privilege of lights, as unity of possession, &c. and what not, with various other matters relating to the subject." |
| 583 ## - ACTION NOTE | |
| Action | Condition reviewed |
| Time/date of action | 20120620 |
| Status | condition level 2 |
| 651 #4 - SUBJECT ADDED ENTRY--GEOGRAPHIC NAME | |
| Geographic name | Great Britain |
| Chronological subdivision | 1707- |
| 690 ## - LOCAL SUBJECT ADDED ENTRY--TOPICAL TERM (OCLC, RLIN) | |
| Topical term or geographic name as entry element | Rights of light |
| 9 (RLIN) | 6267 |
| 942 ## - ADDED ENTRY ELEMENTS (KOHA) | |
| Suppress in OPAC | 0 |
| Withdrawn status | Lost status | Damaged status | Not for loan | Home library | Current library | Shelving location | Date acquired | Total Checkouts | Full call number | Barcode | Date last seen | Copy number | Price effective from | Koha item type |
|---|---|---|---|---|---|---|---|---|---|---|---|---|---|---|
| Historic collection | Historic collection | Historic collection | 18/04/2012 | INFRASTRUCTURE OCTAVO 1833 WOOLRYCH | 30076750 | 27/08/2025 | 1 | 06/08/2019 | Book |